000 01128nam a2200229 u 4500
001 000359135
003 AM-YeHGA
005 20250617131520.0
008 040907s1990 ||| r 000 0 rus d
020 _z5-230-06476-X
040 _aAM-YeHGA
041 0 _arus
245 0 0 _aСоциальное познание и политическая культура :
_bСб. науч. тр. /
_cГос. ком. РСФСР по делам науки и высш. шк. Твер. гос. ун-т. Твер. отд-ние Филос. о-ва СССР; Редкол.: В.Н. Расторгуев (отв. ред.) и др.
260 _aТверь :
_bБ. и.,
_c1990.
300 _a124 с.
504 _aБиблиогр. в конце ст.
653 0 _aПолитическая культура - Формирование - Сборники
653 0 _aКультура - Философские проблемы - Сборники
700 1 _aРасторгуев, Валерий Николаевич
_eред.
_4edt
710 2 _aТверской государственный университет
090 _c138747
999 _c137375
_d137375